[Event "Championnat de France 2022"]
[Site "ALBI, France"]
[Date "2022.08.16"]
[Round "4.9"]
[White "Coles, Robin"]
[Black "Cazeaux, Didier"]
[Result "1/2-1/2"]
[WhiteElo "1932"]
[BlackElo "1893"]
[PlyCount "67"]
[EventDate "2022.??.??"]

1. e4 {3} d6 {14} 2. d4 {3} g6 {11} 3. Nc3 {2} Bg7 {4} 4. Be3 {4} a6 {5} 5. Qd2
{7} b5 {8} 6. f3 {12} Nd7 {6} 7. h4 {26} h6 {6} 8. Bd3 {35} c5 {111} 9. dxc5 {
94} dxc5 {19} 10. Nh3 {249} Bb7 {23} 11. O-O-O {466} Rc8 {1255} 12. Be2 {162}
Ngf6 {875} 13. g4 {133} b4 {7} 14. Nb1 {55} Qc7 {643} 15. g5 {208} hxg5 {9} 16.
hxg5 {72} Nh5 {85} 17. Nf4 {531} Ng3 {103} 18. Rxh8+ {23} Bxh8 {5} 19. Bc4 {695
} Nb6 {79} 20. Bb3 {696} c4 {322} 21. Bxb6 {15} Qxb6 {298} 22. Ba4+ {51} Kf8 {
201} 23. c3 {343} Be5 {197} 24. Ng2 {641} Bd6 {546} 25. Bc2 {512} Rd8 {48} 26.
e5 {209} Bc7 {53} 27. Qe1 {9} Rxd1+ {19} 28. Bxd1 {14} Nf5 {71} 29. cxb4 {281}
Qd4 {54} 30. Nc3 {55} Bxe5 {138} 31. Qd2 {67} Qxd2+ {103} 32. Kxd2 Nd4 {87} 33.
Ke3 {43} Nf5+ {28} 34. Kd2 {38} 1/2-1/2

[Event "Championnat de France 2022"]
[Site "ALBI, France"]
[Date "2022.08.16"]
[Round "4.5"]
[White "Perrouin, Alexian"]
[Black "Ragneau, Freddy"]
[Result "0-1"]
[WhiteElo "1922"]
[BlackElo "1858"]
[PlyCount "138"]
[EventDate "2022.??.??"]

1. e4 {2} c5 {43} 2. Nf3 {4} g6 {28} 3. c3 {180} Bg7 {103} 4. d4 {62} cxd4 {96}
5. cxd4 {7} Nf6 {177} 6. Nc3 {127} d6 {96} 7. h3 {148} O-O {162} 8. Bd3 {593}
e6 {713} 9. Be3 {206} a6 {121} 10. a4 {51} Nc6 {140} 11. O-O {167} d5 {1085}
12. e5 {78} Nd7 {20} 13. Qd2 {900} Na5 {153} 14. Qc2 {240} f6 {305} 15. exf6 {
310} Nxf6 {728} 16. b4 {730} Nc6 {17} 17. Qb3 {165} Ne7 {231} 18. Ne5 {183} Nd7
{55} 19. f4 {135} Nxe5 {122} 20. fxe5 {6} Nf5 {54} 21. Bxf5 {82} Rxf5 {202} 22.
g4 {263} Rxf1+ {183} 23. Rxf1 {8} b6 {20} 24. g5 {265} Ra7 {132} 25. Nd1 {93}
Rc7 {111} 26. Nf2 {80} Rc4 {60} 27. Rc1 {234} Qc7 {87} 28. Qb2 {58} Bd7 {52}
29. b5 {351} axb5 {142} 30. axb5 {8} Rxc1+ {22} 31. Qxc1 {123} Qxc1+ {238} 32.
Bxc1 {3} Bf8 {26} 33. Ng4 {110} Bxb5 {31} 34. Kf2 {104} Kg7 {260} 35. Bb2 {25}
Bb4 {50} 36. h4 {56} Bd2 {155} 37. Nh2 {156} Bd3 {117} 38. Nf3 {110} Bb4 {40}
39. Ke3 {92} Bc2 {36} 40. Ke2 {40} Kf7 {73} 41. Nh2 {65} Bf5 {46} 42. Nf1 {214}
Bg4+ {229} 43. Kf2 {25} Ke8 {47} 44. Ne3 {55} Bh5 {29} 45. Nc2 {83} Bd2 {76}
46. Na3 {63} h6 {215} 47. gxh6 {5} Bxh6 {11} 48. Nb5 {114} Kd7 {87} 49. Na7 {
189} Bd1 {58} 50. Nb5 {16} Bd2 {124} 51. Kf1 {656} Be3 {239} 52. Ke1 {149} Bb3
{56} 53. Ke2 {112} Bh6 {13} 54. Kf3 {32} Bc4 {33} 55. Nd6 {38} Bd3 {49} 56. Nf7
{126} Bd2 {14} 57. Kg3 {97} b5 {21} 58. Kf2 {42} b4 {20} 59. Ng5 {73} Bf5 {52}
60. Nf3 {86} Bf4 {37} 61. Ng5 {77} Kc6 {20} 62. Nf7 {87} Kb6 {48} 63. Nd6 {32}
Bd3 {17} 64. Kf3 {21} Bh6 {69} 65. Kf2 {46} Ka5 {106} 66. Nb7+ {4} Kb5 {11} 67.
Nc5 {43} Bf5 {27} 68. Ke2 {32} Kc4 {29} 69. Ke1 {53} Be3 {26} 0-1

[Event "Championnat de France 2022"]
[Site "ALBI, France"]
[Date "2022.08.17"]
[Round "5.1"]
[White "Levrebon, Florian"]
[Black "Courjal, Pauline"]
[Result "0-1"]
[WhiteElo "1907"]
[BlackElo "1901"]
[PlyCount "72"]
[EventDate "2022.??.??"]

1. d4 {1} d5 {29} 2. c4 {9} e6 {6} 3. Nc3 {25} c5 {12} 4. e3 {41} Nc6 {39} 5.
Nf3 {22} a6 {29} 6. cxd5 {462} exd5 {11} 7. dxc5 {684} Nf6 {62} 8. Na4 {250}
Bxc5 {68} 9. Nxc5 {108} Qa5+ {4} 10. Bd2 {37} Qxc5 {7} 11. Rc1 {182} Qb6 {61}
12. Bc3 {98} O-O {1201} 13. Be2 {1606} Rd8 {761} 14. O-O {160} Ne4 {9} 15. Bd4
{57} Nxd4 {104} 16. Qxd4 {7} Qg6 {464} 17. Rfd1 {142} Bh3 {220} 18. Bf1 {12} f6
{529} 19. g3 {255} Bg4 {201} 20. Nh4 {723} Qh5 {4} 21. Re1 {266} g5 {399} 22.
Ng2 {33} Rd7 {4} 23. Rc2 {178} Rad8 {220} 24. Be2 {49} Bf3 {88} 25. Bxf3 {47}
Qxf3 {5} 26. Qd1 {9} Qf5 {194} 27. g4 {180} Qe6 {58} 28. f3 {26} Nd6 {4} 29. b3
{121} Nf7 {193} 30. Qd4 {44} Ne5 {7} 31. Rf2 {138} Nc6 {94} 32. Qb6 {45} h5 {
413} 33. h4 {199} Rh7 {128} 34. hxg5 {38} fxg5 {4} 35. f4 {67} hxg4 {171} 36.
fxg5 {11} g3 {43} 0-1

[Event "Championnat de France 2022"]
[Site "ALBI, France"]
[Date "2022.08.17"]
[Round "5.2"]
[White "Ragneau, Freddy"]
[Black "Acikgoz, Tuncay"]
[Result "1-0"]
[WhiteElo "1858"]
[BlackElo "1934"]
[PlyCount "55"]
[EventDate "2022.??.??"]

1. d4 {4} d5 {34} 2. Nf3 {56} Nf6 {6} 3. e3 {54} g6 {28} 4. Bd3 {55} Bg7 {7} 5.
O-O {28} O-O {8} 6. b3 {169} c5 {60} 7. Nbd2 {206} cxd4 {107} 8. exd4 {27} Nc6
{4} 9. c3 {167} Bg4 {477} 10. h3 {96} Bxf3 {14} 11. Nxf3 {325} Rc8 {36} 12. Re1
{171} Re8 {155} 13. Bd2 {819} Qd6 {99} 14. Ne5 {656} Nd7 {488} 15. f4 {784} f6
{175} 16. Nxg6 {484} e5 {1437} 17. fxe5 {155} fxe5 {19} 18. Nxe5 {159} Ncxe5 {
198} 19. dxe5 {13} Rxe5 {64} 20. Qg4 {264} Rce8 {77} 21. Rxe5 {204} Nxe5 {27}
22. Bxh7+ {43} Kf8 {1036} 23. Rf1+ {32} Bf6 {6} 24. Qh5 {380} Nf7 {404} 25. Qf5
{293} Ke7 {455} 26. Bg6 {57} Rg8 {164} 27. Bxf7 {155} Kxf7 {10} 28. Bg5 {76}
1-0

[Event "Championnat de France 2022"]
[Site "ALBI, France"]
[Date "2022.08.17"]
[Round "5.3"]
[White "Villeneuve, Samuel"]
[Black "Coles, Robin"]
[Result "0-1"]
[WhiteElo "1869"]
[BlackElo "1932"]
[PlyCount "70"]
[EventDate "2022.??.??"]

1. d4 {5} d5 {1} 2. Bf4 {6} c5 {2} 3. e3 {6} Nf6 {5} 4. Nf3 {378} Nc6 {12} 5.
Nbd2 {8} Nh5 {35} 6. Be5 {82} e6 {57} 7. c3 {214} f6 {23} 8. Bg3 {31} cxd4 {24}
9. exd4 {283} g6 {22} 10. Bd3 {211} Bg7 {24} 11. Qc2 {332} O-O {99} 12. O-O-O {
731} a5 {385} 13. a4 {366} Nxg3 {420} 14. hxg3 {16} Bd7 {90} 15. Rh2 {578} Nb4
{561} 16. Qb1 {435} Nxd3+ {389} 17. Qxd3 {6} Qe8 {124} 18. Rdh1 {163} h6 {89}
19. b3 {437} b5 {160} 20. axb5 {26} Bxb5 {8} 21. Qe3 {43} Qe7 {407} 22. Kb2 {
251} a4 {53} 23. b4 {63} Rfc8 {792} 24. Nb1 {118} e5 {436} 25. Na3 {65} Ba6 {
276} 26. dxe5 {296} fxe5 {22} 27. Re1 {16} d4 {34} 28. Nxd4 {56} Qd6 {225} 29.
Ndc2 {56} Qd5 {61} 30. Na1 {196} Rxc3 {321} 31. Kxc3 {60} e4+ {11} 32. Kc2 {74}
Qa2+ {11} 33. Kc1 {38} Qb2+ {20} 34. Kd1 {13} Rd8+ 35. Qd2 {8} Rxd2# {6} 0-1

[Event "Championnat de France 2022"]
[Site "ALBI, France"]
[Date "2022.08.17"]
[Round "5.4"]
[White "Bernard, Mathis"]
[Black "Barberis, Valentin"]
[Result "0-1"]
[WhiteElo "1902"]
[BlackElo "1874"]
[PlyCount "120"]
[EventDate "2022.??.??"]

1. e4 {50} c5 {59} 2. Nf3 {13} Nc6 {5} 3. Bb5 {6} e6 {5} 4. O-O {36} Nge7 {8}
5. Re1 {19} a6 {7} 6. Bf1 {47} d5 {40} 7. exd5 {49} Nxd5 {21} 8. d4 {38} Nf6 {
41} 9. Be3 {30} Be7 {358} 10. dxc5 {577} Qxd1 {49} 11. Rxd1 {1} Ng4 {14} 12.
Bf4 {151} Bxc5 {69} 13. Bg3 {1} h5 {118} 14. h3 {479} h4 {148} 15. Nxh4 {34}
Nxf2 {30} 16. Bxf2 {5} Bxf2+ {12} 17. Kxf2 {1} Rxh4 {10} 18. c3 {403} e5 {212}
19. Nd2 {24} Be6 {445} 20. Nb3 {556} b6 {531} 21. Rd6 {973} Bd7 {70} 22. Rad1 {
724} Ra7 {214} 23. Nd2 {212} Rf4+ {919} 24. Kg1 {107} Rf6 {114} 25. Rxf6 {1013}
gxf6 {3} 26. Ne4 {8} Ke7 {198} 27. Bc4 {115} Na5 {221} 28. Bd5 {89} Be6 {317}
29. b3 {843} f5 {480} 30. Ng5 {167} Bxd5 {141} 31. Rxd5 {2} f6 {10} 32. Nf3 {8}
Rc7 {22} 33. c4 {62} Nc6 {13} 34. Rd2 {170} f4 {125} 35. Re2 {59} Rd7 {102} 36.
Rd2 {38} Rc7 {248} 37. Re2 {2} Rd7 {79} 38. Kf2 {29} Nb4 {86} 39. Ne1 {85} Ke6
{128} 40. a3 {104} Nd3+ {81} 41. Nxd3 {464} Rxd3 {2} 42. Rb2 {8} e4 {80} 43. a4
{339} Rc3 {33} 44. a5 {586} bxa5 {33} 45. Ra2 {5} Rxb3 {12} 46. Rxa5 {100} Rb2+
{7} 47. Kf1 {40} Rb6 {23} 48. Ke2 {127} Rc6 {32} 49. Kd2 {38} Rxc4 {44} 50.
Rxa6+ {7} Kf5 {16} 51. Ra5+ {20} Kg6 {23} 52. Rb5 {206} Ra4 {67} 53. Ke2 {6}
Ra2+ {22} 54. Kf1 {2} f5 {18} 55. Rc5 {59} Kg5 {51} 56. Rc8 {96} f3 {258} 57.
gxf3 {26} e3 {1} 58. Ke1 {193} Rf2 {41} 59. Rc4 {93} Rxf3 {233} 60. h4+ {31}
Kf6 {34} 0-1

[Event "Championnat de France 2022"]
[Site "ALBI, France"]
[Date "2022.08.17"]
[Round "5.5"]
[White "Cazeaux, Didier"]
[Black "Labadie, Jean-Jacques"]
[Result "1-0"]
[WhiteElo "1893"]
[BlackElo "1800"]
[PlyCount "111"]
[EventDate "2022.??.??"]

1. e4 e6 {16} 2. d3 {7} d5 {34} 3. Nd2 {6} Nf6 {30} 4. Ngf3 {8} Be7 {39} 5. g3
{5} c5 {133} 6. Bg2 {6} Nc6 {23} 7. O-O {6} O-O {159} 8. Re1 {5} b6 {46} 9. e5
{5} Nd7 {44} 10. Nf1 {14} Bb7 {128} 11. h4 {7} Re8 {246} 12. Bf4 {10} b5 {320}
13. N1h2 {35} a5 {256} 14. Qe2 {1099} Qb6 {565} 15. Rad1 {296} Rac8 {149} 16.
c4 {92} Nd4 {550} 17. Nxd4 {18} cxd4 {64} 18. cxd5 {12} Bxd5 {78} 19. Bxd5 {8}
exd5 {10} 20. e6 {806} fxe6 {86} 21. Qxe6+ {9} Qxe6 {24} 22. Rxe6 {6} Bb4 {626}
23. Rxe8+ {60} Rxe8 {15} 24. a3 {28} Bc5 {261} 25. Kf1 {7} Bb6 {412} 26. Nf3 {
108} Rc8 {132} 27. Rc1 {111} Rxc1+ {31} 28. Bxc1 {7} Nc5 {99} 29. Ke2 {202} Nb3
{22} 30. Bf4 {27} h6 {50} 31. h5 {342} Kf7 {143} 32. Ne5+ {344} Ke6 {47} 33.
Ng6 {67} Bd8 {369} 34. g4 {679} Bg5 {280} 35. Bxg5 {161} hxg5 {8} 36. f4 {11}
gxf4 {38} 37. Nxf4+ {9} Kf6 {131} 38. Nxd5+ {150} Kg5 {26} 39. Kf3 {8} Nc5 {127
} 40. Nf4 {48} a4 {197} 41. Kg3 {78} Nb3 {202} 42. Ne6+ {106} Kf6 {66} 43. Nf4
{266} Kg5 {48} 44. Nh3+ {11} Kf6 {18} 45. Kf4 {61} Nd2 {225} 46. g5+ {35} Ke6 {
45} 47. Nf2 {68} Nf1 {86} 48. Ke4 {141} Ng3+ {25} 49. Kxd4 {9} Nxh5 {39} 50.
Kc5 {73} Nf4 {81} 51. Kxb5 {15} Kf5 {21} 52. Kxa4 {11} Kxg5 {4} 53. Kb5 {6} Kf5
{90} 54. a4 {38} g5 {48} 55. a5 {40} Nd5 {350} 56. Kc5 {60} 1-0

[Event "Championnat de France 2022"]
[Site "ALBI, France"]
[Date "2022.08.18"]
[Round "6.1"]
[White "Courjal, Pauline"]
[Black "Ragneau, Freddy"]
[Result "1-0"]
[WhiteElo "1901"]
[BlackElo "1858"]
[PlyCount "39"]
[EventDate "2022.??.??"]

1. e4 {17} c5 {60} 2. Nf3 {7} Nc6 {35} 3. c3 {16} e5 {61} 4. Bc4 {59} d6 {59}
5. d3 {168} h6 {234} 6. O-O {514} Bg4 {499} 7. Re1 {925} Qd7 {639} 8. a4 {160}
Nf6 {171} 9. Nbd2 {6} g6 {150} 10. h3 {245} Be6 {20} 11. d4 {124} Bxc4 {94} 12.
Nxc4 {6} cxd4 {391} 13. cxd4 {18} Qc7 {335} 14. b3 {930} O-O-O {939} 15. Bb2 {
14} exd4 {547} 16. Nxd4 {31} d5 {288} 17. exd5 {1067} Rxd5 {340} 18. Qf3 {5}
Bg7 {152} 19. Nb5 {621} Rf5 {294} 20. Ncd6+ {Nb8 19 157} 1-0

[Event "Championnat de France 2022"]
[Site "ALBI, France"]
[Date "2022.08.18"]
[Round "6.2"]
[White "Coles, Robin"]
[Black "Barberis, Valentin"]
[Result "1-0"]
[WhiteElo "1932"]
[BlackElo "1874"]
[PlyCount "115"]
[EventDate "2022.??.??"]

1. e4 {15590} c5 {233} 2. Nf3 {4} Nc6 {7} 3. Bb5 {4} e6 {6} 4. O-O {6} Nge7 {4}
5. d4 {4} cxd4 {45} 6. Nxd4 {5} Nxd4 {517} 7. Qxd4 {4} Nc6 {765} 8. Qc3 {37}
Qf6 {821} 9. Qxf6 {42} gxf6 {8} 10. Be3 {177} a6 {503} 11. Be2 {27} Bd6 {207}
12. Rd1 {344} Bb8 {219} 13. Nd2 {218} Ba7 {589} 14. Bxa7 {37} Rxa7 {33} 15. Nc4
{5} b5 {142} 16. Nd6+ {18} Ke7 {8} 17. a4 {112} bxa4 {133} 18. Rxa4 {39} a5 {5}
19. Bb5 {680} Ba6 {119} 20. c4 {85} Rd8 {405} 21. Nxf7 {363} Kxf7 {26} 22. Bxc6
{6} Ke7 {64} 23. Bb5 {26} Bxb5 {37} 24. cxb5 Rb8 {15} 25. Rda1 {30} Rxb5 {12}
26. b4 {5} Rab7 {23} 27. Rxa5 {66} Rxb4 {59} 28. f3 {21} Rb2 {41} 29. Rh5 {39}
Rd2 {57} 30. Rxh7+ {42} Kd6 {11} 31. Rg7 {59} Rb5 {241} 32. h3 f5 {716} 33. Rg5
Ke5 {419} 34. h4 {196} d5 {205} 35. exf5 {80} exf5 {2} 36. h5 {110} Rb4 {93}
37. Re1+ {35} Kf4 {219} 38. Rg6 {173} Rb7 {77} 39. h6 {57} Rh7 {29} 40. Ree6 {
113} Ra2 {13} 41. Rg7 {898} Ra7 {40} 42. Rxa7 {74} Rxa7 {9} 43. Rg6 {18} d4 {
709} 44. Rg7 {541} Ra6 {55} 45. h7 {18} Rh6 {7} 46. Kf2 {128} Rh2 {44} 47. Kg1
{384} Rh6 {3} 48. Kf2 {72} Rh2 {12} 49. Ke2 {7} Ke5 {70} 50. Kd3 {32} f4 {121}
51. Re7+ {154} Kf6 {183} 52. Ra7 {583} Ke5 {67} 53. Rb7 {57} Rh1 {30} 54. Re7+
{6} Kf6 {20} 55. Ra7 {370} Ke5 {23} 56. Ra5+ {17} Ke6 {452} 57. Ke4 {124} Rxh7
{33} 58. Ra6+ {5} 1-0

[Event "Championnat de France 2022"]
[Site "ALBI, France"]
[Date "2022.08.18"]
[Round "6.3"]
[White "Devecchi, Jorge"]
[Black "Cazeaux, Didier"]
[Result "1/2-1/2"]
[WhiteElo "1942"]
[BlackElo "1893"]
[PlyCount "107"]
[EventDate "2022.??.??"]

1. e4 {234} d6 {8} 2. d4 {20} g6 {6} 3. Nc3 {6} Bg7 {3} 4. Bf4 {4} Nc6 {189} 5.
Nf3 {61} a6 {107} 6. Bc4 {717} Nf6 {112} 7. Qd2 {52} O-O {14} 8. Bh6 {11} Nxe4
{96} 9. Nxe4 {49} d5 {5} 10. Bxg7 {15} Kxg7 {21} 11. Bd3 {152} dxe4 {5} 12.
Bxe4 {8} Qd6 {58} 13. O-O {112} f6 {591} 14. h3 {152} Nd8 {558} 15. b4 {298}
Be6 {296} 16. Rfe1 {214} Re8 {69} 17. d5 {227} Bf7 {21} 18. c4 {24} e5 {10} 19.
c5 {124} Qd7 {26} 20. Rad1 {243} a5 {386} 21. a3 {42} Qa4 {84} 22. Qb2 {141}
axb4 {35} 23. axb4 {6} Qa2 {151} 24. Qxa2 {31} Rxa2 {6} 25. d6 {8} cxd6 {18}
26. Rxd6 {11} Rb2 {85} 27. Rb6 {348} Re7 {103} 28. Rd1 {63} Nc6 {10} 29. Rb1 {
958} Rxb1+ {263} 30. Bxb1 {4} e4 {21} 31. Nd2 {97} Rd7 {1535} 32. Nf1 {100} f5
{320} 33. Bc2 {6} Nd8 {634} 34. Ba4 {254} Rd4 {48} 35. Ne3 {14} f4 {89} 36. Ng4
{10} h5 {48} 37. Ne5 {13} Bd5 {44} 38. Rxg6+ {126} Kh7 {187} 39. Rd6 {181} Ne6
{59} 40. Bc2 {1006} Kg7 {77} 41. Nd7 {476} e3 {49} 42. fxe3 {212} fxe3 {19} 43.
Nb6 {91} Nf4 {1316} 44. Nxd5 {225} Nxd5 {28} 45. Kf1 {282} Rd2 {5} 46. Bb3 {83}
Rf2+ {28} 47. Ke1 {75} Nf4 {65} 48. Bc4 {58} Nxg2+ {12} 49. Kd1 {5} Nf4 {36}
50. Rd7+ {42} Kf6 {27} 51. Rf7+ {144} Ke5 {29} 52. Rxb7 {311} Kd4 {65} 53. Bb5
{2} Rd2+ {1} 54. Kc1 {7} 1/2-1/2

[Event "Championnat de France 2022"]
[Site "ALBI, France"]
[Date "2022.08.18"]
[Round "6.4"]
[White "Meddouri-Bernard, Edouard"]
[Black "Regnault, Alexandre"]
[Result "1-0"]
[WhiteElo "1890"]
[BlackElo "1966"]
[PlyCount "55"]
[EventDate "2022.??.??"]

1. e4 {5} c5 {10} 2. Nf3 {3} d6 {5} 3. d4 {2} cxd4 {4} 4. Nxd4 {3} Nf6 {7} 5.
Nc3 {2} a6 {6} 6. Be3 {2} e5 {46} 7. Nb3 {4} Be6 {31} 8. f3 {4} Be7 {40} 9. Qd2
{4} Nbd7 {476} 10. g4 {6} O-O {26} 11. O-O-O {45} b5 {22} 12. g5 {4} b4 {79}
13. Ne2 {4} Ne8 {24} 14. f4 {27} a5 {36} 15. f5 {45} a4 {38} 16. Nbd4 {5} exd4
{144} 17. Nxd4 {64} b3 {94} 18. Kb1 {4} bxc2+ {48} 19. Nxc2 {5} Bb3 {66} 20.
axb3 {4} axb3 {6} 21. Na3 {2} Nc7 {63} 22. Bc4 {169} Qb8 {4036} 23. f6 {452}
gxf6 {249} 24. gxf6 {55} Nxf6 {381} 25. Rhg1+ {142} Kh8 {2} 26. Bh6 {6} Rg8 {98
} 27. Bxf7 {6} Rxa3 {17} 28. bxa3 {16} 1-0

[Event "Championnat de France 2022"]
[Site "ALBI, France"]
[Date "2022.08.18"]
[Round "6.5"]
[White "Levrebon, Florian"]
[Black "De Carvalho Massabo, Raphael"]
[Result "0-1"]
[WhiteElo "1907"]
[BlackElo "1850"]
[PlyCount "92"]
[EventDate "2022.??.??"]

1. d4 {1} Nf6 {7} 2. c4 {7} e6 {4} 3. Nf3 {11} d5 {26} 4. Nc3 {15} a6 {11} 5.
cxd5 {84} exd5 {6} 6. Bg5 {10} Be6 {7} 7. e3 {88} Bd6 {23} 8. Bd3 {146} Nbd7 {
53} 9. O-O {31} c6 {246} 10. Rc1 {303} Qc7 {89} 11. e4 {405} dxe4 {60} 12. Nxe4
{40} Nxe4 {137} 13. Bxe4 {10} Nb6 {94} 14. Re1 {232} O-O {49} 15. Bh4 {780} Bf4
{586} 16. Bg3 {654} Bxg3 {580} 17. hxg3 {886} h6 {589} 18. Nh4 {865} Qd7 {235}
19. Bb1 {388} Nd5 {696} 20. Qc2 {432} Nf6 {26} 21. Rcd1 {35} Rfe8 {147} 22. Re5
{91} Rad8 {130} 23. f3 {99} Qc8 {131} 24. g4 {44} Rd5 {35} 25. Rxd5 {116} Bxd5
{27} 26. Nf5 {36} Qe6 {38} 27. Kf2 {134} Bxa2 {290} 28. Bxa2 {67} Qxa2 {5} 29.
Qd2 {78} Qe6 {90} 30. Re1 {64} Qxe1+ {36} 31. Qxe1 {9} Rxe1 {2} 32. Kxe1 {13}
Nd5 {42} 33. Kd2 {33} g6 {147} 34. Nxh6+ {53} Kg7 {4} 35. g5 {6} f5 {12} 36. g4
{33} f4 {8} 37. Kd3 {12} b5 {25} 38. Ke4 {99} a5 {13} 39. Kd3 {37} a4 {11} 40.
Kc2 {79} b4 {134} 41. Kd2 {410} Ne3 {81} 42. Kd3 {268} a3 {27} 43. bxa3 {28}
bxa3 {6} 44. Kc3 {35} a2 {4} 45. Kb2 {18} Nc2 {5} 46. Kxa2 {41} Nxd4 {60} 0-1

[Event "Championnat de France 2022"]
[Site "ALBI, France"]
[Date "2022.08.19"]
[Round "7.1"]
[White "Courjal, Pauline"]
[Black "Coles, Robin"]
[Result "0-1"]
[WhiteElo "1901"]
[BlackElo "1932"]
[PlyCount "119"]
[EventDate "2022.??.??"]

1. e4 {2} e6 {3} 2. d4 {52} d5 {3} 3. Nd2 {5} Nf6 {3} 4. e5 {16} Nfd7 {3} 5.
Bd3 {7} c5 {4} 6. c3 {4} Nc6 {3} 7. Ne2 {5} cxd4 {5} 8. cxd4 {6} f6 {3} 9. exf6
{16} Nxf6 {5} 10. Nf3 {31} Bd6 {5} 11. O-O {5} O-O {3} 12. Bf4 {5} Bxf4 {7} 13.
Nxf4 {3} Ne4 {8} 14. Qc1 {18} Ng5 {44} 15. Nxg5 {5} Qxg5 {5} 16. Ne2 {4} Qxc1 {
14} 17. Raxc1 {8} Bd7 {23} 18. Bb5 {59} Rac8 {90} 19. Bxc6 {142} Rxc6 {37} 20.
Rxc6 {687} Bxc6 {160} 21. Re1 {10} g5 {580} 22. h3 {868} Bd7 {341} 23. Nc3 {256
} Rf4 {364} 24. Rd1 {10} Kg7 {301} 25. g3 {14} Rf8 {19} 26. Rd3 {45} Rc8 {203}
27. Kg2 {89} b5 {317} 28. b4 {314} a5 {67} 29. bxa5 {111} Ra8 {92} 30. a3 {152}
Rxa5 {41} 31. Ne2 {7} Ra4 {366} 32. Ng1 {124} Be8 {66} 33. Ne2 {586} Bg6 {489}
34. Rb3 {43} Rc4 {255} 35. Kf3 {347} Be8 {393} 36. Ke3 {183} Kf6 {458} 37. Nc3
{18} h5 {438} 38. f3 {462} Ke7 {309} 39. Nd1 {203} Kd6 {343} 40. Rc3 {550} e5 {
363} 41. Rxc4 {315} dxc4 {105} 42. Nc3 {72} Bc6 {230} 43. f4 {197} exf4+ {68}
44. gxf4 {5} g4 {110} 45. hxg4 {186} hxg4 {9} 46. Kf2 {5} Bd7 {321} 47. Ke3 {
332} Bc6 {122} 48. Ne2 {656} Bf3 {208} 49. Nc3 {56} Bc6 {19} 50. f5 {295} Bd7 {
469} 51. Ne4+ {658} Kd5 {193} 52. Nf6+ {207} Kd6 {21} 53. Kf4 {36} Bxf5 {44}
54. Kxf5 {56} g3 {3} 55. Ne4+ {129} Kd5 {8} 56. Nxg3 {87} Kxd4 {18} 57. Ke6 {
105} Kd3 {115} 58. Nh5 {42} c3 {46} 59. Nf4+ {2} Kd2 {41} 60. Ke5 {44} 0-1

[Event "Championnat de France 2022"]
[Site "ALBI, France"]
[Date "2022.08.19"]
[Round "7.2"]
[White "Ragneau, Freddy"]
[Black "Cazeaux, Didier"]
[Result "1-0"]
[WhiteElo "1858"]
[BlackElo "1893"]
[PlyCount "73"]
[EventDate "2022.??.??"]

1. d4 {5} d6 {6} 2. Nf3 {49} g6 {6} 3. e4 {44} Bg7 {8} 4. h3 {56} a6 {10} 5. c4
{69} Nc6 {443} 6. Nc3 {525} e5 {11} 7. Be3 {264} Bd7 {10} 8. d5 {383} Nce7 {5}
9. g4 {747} f5 {138} 10. gxf5 {145} gxf5 {6} 11. Rg1 {355} Ng6 {781} 12. Bg5 {
291} Nf6 {155} 13. Nh4 {285} Nxh4 {152} 14. Bxh4 {16} Qe7 {292} 15. Qd2 {310}
f4 {153} 16. O-O-O {129} O-O-O {80} 17. Kb1 {116} Rhg8 {29} 18. Qd3 {102} Bh6 {
176} 19. Be2 {33} Rg7 {275} 20. Bg4 {33} Rdg8 {44} 21. f3 {286} Qf7 {84} 22.
Bf2 {394} Bg5 {164} 23. c5 {38} h5 {39} 24. Bxd7+ {86} Qxd7 {431} 25. cxd6 {250
} Qxd6 {156} 26. Na4 {38} Nd7 {14} 27. Rc1 {17} Bd8 {11} 28. Rxg7 {68} Rxg7 {15
} 29. Nc5 {174} Rg2 {369} 30. Qf1 {102} Qg6 {286} 31. Ne6 {81} Nf6 {296} 32.
Nxd8 {439} Kxd8 {207} 33. Bh4 {25} Rh2 {63} 34. Qg1 {64} Rg2 {123} 35. Bxf6+ {
228} Kd7 {21} 36. Qf1 {40} Kd6 {196} 37. Qc4 {100} 1-0

[Event "Championnat de France 2022"]
[Site "ALBI, France"]
[Date "2022.08.19"]
[Round "7.3"]
[White "De Carvalho Massabo, Raphael"]
[Black "Meddouri-Bernard, Edouard"]
[Result "0-1"]
[WhiteElo "1850"]
[BlackElo "1890"]
[PlyCount "54"]
[EventDate "2022.??.??"]

1. e4 {4} c5 {10} 2. Nf3 {4} d6 {5} 3. d4 {22} cxd4 {5} 4. Nxd4 {5} Nf6 {5} 5.
Nc3 {5} a6 {9} 6. Rg1 {13} e5 {59} 7. Nb3 {125} Be6 {62} 8. Bg5 {69} Nbd7 {213}
9. Be2 {119} b5 {127} 10. Qd2 {198} Qc7 {503} 11. f3 {144} Rc8 {87} 12. Rc1 {
277} Be7 {223} 13. Be3 {365} Nb6 {100} 14. Kf1 {561} Nc4 {275} 15. Bxc4 {76}
bxc4 {37} 16. Na1 {21} d5 {162} 17. exd5 {20} Rd8 {8} 18. Qe2 {163} Nxd5 {62}
19. Nxd5 {6} Bxd5 {20} 20. c3 {90} O-O {192} 21. g3 {151} f5 {196} 22. Re1 {61}
f4 {354} 23. gxf4 {7} e4 {7} 24. Qg2 {113} Bh4 {202} 25. Bb6 {262} exf3 {90}
26. Qg4 {1577} f2 {139} 27. Bxf2 {719} Bxf2 {5} 0-1

[Event "Championnat de France 2022"]
[Site "ALBI, France"]
[Date "2022.08.19"]
[Round "7.4"]
[White "Nobili, Denis"]
[Black "Giry, Jean-Marc"]
[Result "0-1"]
[WhiteElo "1884"]
[BlackElo "1966"]
[PlyCount "111"]
[EventDate "2022.??.??"]

1. d4 {26} Nf6 {13} 2. Nf3 {65} g6 {8} 3. g3 {35} Bg7 {9} 4. Bg2 {87} O-O {10}
5. O-O {67} d5 {91} 6. c4 {150} c6 {389} 7. Nc3 {299} a6 {75} 8. Qb3 {443} h6 {
574} 9. Bf4 {588} dxc4 {38} 10. Qxc4 {18} Be6 {325} 11. Qb4 {167} b5 {293} 12.
Bxb8 {246} Rxb8 {103} 13. Ne5 {36} Nd5 {147} 14. Nxd5 {103} Bxd5 {21} 15. e4 {
60} Bxe5 {7} 16. exd5 Bf6 {75} 17. dxc6 {9} Qxd4 {64} 18. Qxd4 {23} Bxd4 {6}
19. Rac1 {78} Rbc8 {264} 20. Rfd1 {123} Bxb2 {204} 21. Rc2 {194} Be5 {49} 22.
Rd7 {51} Rc7 {17} 23. Re2 {44} Rxd7 {287} 24. cxd7 {15} Bf6 {6} 25. Bb7 {30} a5
{77} 26. Bc8 {79} e6 {20} 27. Rc2 {200} b4 {113} 28. Rc5 {447} Bd8 {50} 29. Rb5
{41} Kg7 {49} 30. f4 {34} Kf6 {27} 31. Kf2 {48} Ke7 {102} 32. Ke3 {47} f6 {335}
33. Ke4 {739} Kd6 {108} 34. Kd4 {148} g5 {118} 35. f5 {43} e5+ {966} 36. Ke4 {
35} g4 {315} 37. Rd5+ {13} Kc6 {53} 38. Rd2 {28} Bb6 {443} 39. Rc2+ {61} Bc5 {
144} 40. Rd2 {17} Rd8 {39} 41. Rc2 {41} a4 {57} 42. Rd2 {27} Bd4 {203} 43. Rc2+
{28} Kb5 {457} 44. Kd3 {179} b3 {30} 45. axb3 {51} axb3 {14} 46. Rc1 {39} Kb4 {
6} 47. Rc7 {54} b2 {50} 48. Kc2 {11} Kb5 {23} 49. Kb1 {55} Kb6 {7} 50. Rc2 {7}
h5 {216} 51. Ka2 {27} Kb5 {71} 52. Kb1 {32} e4 {130} 53. Ka2 {17} e3 {18} 54.
Kb1 {5} Ka5 {240} 55. Ka2 {44} Kb4 {7} 56. Kb1 {109} 0-1